000 00488nam a2200181Ia 4500
008 230917s9999||||xx |||||||||||||| ||und||
020 _cRS899
040 _e231895
_aMAIN
041 _aEnglish
082 _a647.94068 W152I(2)
100 _aWalker, John R
245 0 _aIntroduction to hospitality management
250 _a2nd ed.
260 _aNoida
_bPearson Education
_c2009
300 _axli, 672 p.
500 _a2282 10/02/2016 HBD15/1802 14/03/2016 Main Budget
942 _cBK
999 _c18184
_d18184